[Event "Mogliano Veneto op-B 31st"]
[Site "Mogliano Veneto"]
[Date "2010.05.02"]
[Round "4"]
[White "Bonan, Yves"]
[Black "Mihalcea, Vasile"]
[Result "1-0"]
[WhiteElo "1859"]
[BlackElo "1751"]
[PlyCount "21"]
[EventDate "2010.04.30"]
[EventType "swiss"]
[EventRounds "5"]
[EventCountry "ITA"]
[SourceTitle "EXT 2023"]
[Source "ChessBase"]
[SourceDate "2022.10.05"]
[SourceVersion "1"]
[SourceVersionDate "2022.10.05"]
[SourceQuality "1"]

1. Nf3 Nf6 2. g3 g6 3. Bg2 d5 4. d3 Qd6 5. 0-0 e5 6. Nc3 Bg4 7. Bg5 Nbd7 8. Qd2 h6 9. Bxf6 Nxf6 10. e4 0-0-0 11. h3 1-0

[Event "Treviso TWE op-B 30th"]
[Site "Treviso"]
[Date "2006.12.10"]
[Round "4.18"]
[White "Manfrin, Giuseppe"]
[Black "Mihalcea, Vasile"]
[Result "0-1"]
[WhiteElo "1350"]
[BlackElo "1592"]
[PlyCount "95"]
[EventDate "2006.12.08"]
[EventType "swiss"]
[EventRounds "5"]
[EventCountry "ITA"]
[SourceTitle "EXT 2024"]
[Source "ChessBase"]
[SourceDate "2023.10.10"]
[SourceVersion "1"]
[SourceVersionDate "2023.10.10"]
[SourceQuality "1"]

1. d4 Nf6 2. Nf3 g6 3. e3 Bg7 4. Nc3 0-0 5. Bd3 d6 6. 0-0 Nbd7 7. Ne4 Qe8 8. c4 e5 9. Nxf6+ Bxf6 10. Bc2 Bg7 11. Re1 e4 12. Nd2 f5 13. f3 Nf6 14. Bb3 c6 15. a4 a5 16. c5+ d5 17. Ba2 Be6 18. Rb1 Nh5 19. b4 f4 20. Kh1 fxe3 21. Nf1 exf3 22. gxf3 Bf5 23. Rxe3 Qb8 24. Rb2 Nf4 25. Ng3 Nh3 26. b5 Qf4 27. Rc3 Qxd4 28. Qxd4 Bxd4 29. Ra3 Nf2+ 30. Rxf2 Bxf2 31. Nxf5 Rxf5 32. Kg2 Bxc5 33. Rb3 Re5 34. Kg3 Re2 35. Bb1 Re1 36. Bd2 Re2 37. Bf4 Bf2+ 38. Kg4 c5 39. b6 Kg7 40. Bd6 Rd8 41. Bg3 c4 42. Rb5 Bxg3 43. hxg3 Rd7 44. Rxa5 Rb2 45. Be4 dxe4 46. fxe4 Rxb6 47. Rc5 Re6 48. Rxc4 0-1

[Event "Padova Weekend op-B 8th"]
[Site "Padova"]
[Date "2005.12.10"]
[Round "1.13"]
[White "Vianello, Enrico"]
[Black "Mihalcea, Vasile"]
[Result "1-0"]
[WhiteElo "2086"]
[BlackElo "1685"]
[PlyCount "125"]
[EventDate "2005.12.10"]
[EventType "swiss"]
[EventRounds "6"]
[EventCountry "ITA"]
[SourceTitle "EXT 2024"]
[Source "ChessBase"]
[SourceDate "2023.10.10"]
[SourceVersion "1"]
[SourceVersionDate "2023.10.10"]
[SourceQuality "1"]

1. d4 Nf6 2. Bg5 c5 3. d5 c4 4. Bxf6 exf6 5. c3 b5 6. a4 Qa5 7. Nd2 Ba6 8. e4 b4 9. Qc2 b3 10. Qd1 Qc7 11. Ngf3 Bc5 12. Be2 0-0 13. 0-0 Re8 14. Bxc4 Bxc4 15. Nxc4 Bxf2+ 16. Rxf2 Qxc4 17. Nd2 Qd3 18. Qxb3 Na6 19. Qd1 Nc5 20. Rf3 Qa6 21. Qe1 Qb6 22. Kh1 Qxb2 23. Nc4 Qc2 24. Nd6 Re7 25. Re3 Rb8 26. Qg3 Re5 27. h4 Rb6 28. Nc4 Nxe4 29. Qf4 g5 30. hxg5 Nf2+ 31. Kg1 Rf5 32. Re8+ Kg7 33. gxf6+ Rbxf6 34. Ne3 Rxf4 35. Nxc2 Rc4 36. Re3 Ng4 37. Rg3 h5 38. Rf3 Rb6 39. Ra3 Rb2 40. Ne3 Rb1+ 41. Rf1 Rxf1+ 42. Nxf1 Nf6 43. Nd2 Rc7 44. c4 Ne8 45. Kf2 Nf6 46. Ke3 d6 47. Kd4 Re7 48. Rg3+ Kh6 49. Re3 Rb7 50. Kc3 Ng4 51. Re8 Rd7 52. Ne4 f5 53. Re6+ Kg7 54. Nxd6 f4 55. Nf5+ Kf8 56. Kd4 Nf2 57. c5 Rb7 58. Rf6+ Kg8 59. Kc4 Ng4 60. Re6 Rb1 61. d6 Kf7 62. Re7+ Kf6 63. Nd4 1-0